Etiqueta de registo: 00000nam 2200025 450
001 2022468
003 http://id.bnportugal.gov.pt/bib/catbnp/2022468
010 ## $a978-989-52-4545-1
021 ## $aPT$b447215/18
100 ## $a20190522d2018 m y0pory01030103ba
101 0# $apor
102 ## $aPT
105 ## $ay z 000gy
106 ## $ar
200 1# $aVinte poemas e uma carta deslumbrada$fPedro Pimenta
205 ## $a1ª ed
210 #9 $aLisboa$cChiado Books,$d2018
215 ## $a63, [3] p.$d22 cm
225 2# $aPrazeres poéticos
675 ## $a821.134.3-1"20"$vBN$zpor$31023893
700 #1 $92$aPimenta,$bPedro$31753179
801 #0 $aPT$bBN$gRPC
856 41 $uhttp://rnod.bnportugal.gov.pt/ImagesBN/winlibimg.aspx?skey=&doc=2022468&img=125997&save=true
900 ## $aBIBNAC$d20190612
966 ## $lBN$mFGMON$sL. 148272 V.$x1
966 ## $lBN$mFGMON$sL. 148272 V.-D$x1
Etiqueta de registo: 00000nam 2200025 450
001 2043836
003 http://id.bnportugal.gov.pt/bib/catbnp/2043836
010 ## $a978-989-52-7125-2
021 ## $aPT$b463359/19
100 ## $a20200506d2019 m y0pory01030103ba
101 0# $apor
102 ## $aPT
105 ## $ay z 000ay
106 ## $ar
200 1# $aVidas tangentes$fPedro Pimenta
205 ## $a1ª ed
210 #9 $aLisboa$cChiado Books,$d 2019
215 ## $a308, [2] p.$d23 cm
225 2# $aViagens na ficção
675 ## $a821.134.3-31"20"$vBN$zpor$31044234
700 #1 $92$aPimenta,$bPedro$31753179
801 #0 $aPT$bBN$gRPC
856 41 $uhttp://rnod.bnportugal.gov.pt/ImagesBN/winlibimg.aspx?skey=&doc=2043836&img=138076&save=true
900 ## $aBIBNAC$d20200602
966 ## $lBN$mFGMON$sL. 151490 V.$x1
966 ## $lBN$mFGMON$sL. 151490 V.-D$x1
Etiqueta de registo: 00000nam 2200025 450
001 2053700
003 http://id.bnportugal.gov.pt/bib/catbnp/2053700
010 ## $a978-989-52-8572-3
021 ## $aPT$b471390/20
100 ## $a20200826d2020 c y0pory01030103ba
101 0# $apor
102 ## $aPT
105 ## $aa z 000fy
106 ## $ar
200 1# $aVerdinha$fPedro Pimenta$gil. Carmelita Falé
205 ## $a1ª ed
210 #9 $aLisboa$cFlamingo,$d2020
215 ## $a101 , [3] p.$cil.$d24 cm
675 ## $a087.5$vBN$zpor$3287999
675 ## $a821.134.3-93"20"$vBN$zpor$31046482
675 ## $a821.134.3-34"20"$vBN$zpor$31018838
700 #1 $92$aPimenta,$bPedro$31753179
702 #1 $aFalé,$bCarmelita$4440$31789193
801 #0 $aPT$bBN$gRPC
856 41 $uhttp://rnod.bnportugal.gov.pt/ImagesBN/winlibimg.aspx?skey=&doc=2053700&img=142826&save=true
900 ## $aBIBNAC$d20200928
966 ## $lBN$mFGMON$sP. 56406 V.$x1
Etiqueta de registo: 00000nam 2200025 450
001 2122187
003 http://id.bnportugal.gov.pt/bib/catbnp/2122187
010 ## $a978-989-37-4843-5
021 ## $aPT$b508818/22
100 ## $a20230201d2022 m y0pory01030103ba
101 0# $apor
102 ## $aPT
105 ## $ay z 000gy
106 ## $ar
200 1# $aPoemas de Deus e do mar$fPedro Pimenta
205 ## $a1ª ed
210 #9 $aLisboa$cPoesia Impossível,$d2022
215 ## $a79 , [5] p.$cil.$d22 cm
675 ## $a821.134.3-1"20"$vBN$zpor$31023893
700 #1 $92$aPimenta,$bPedro$31753179
801 #0 $aPT$bBN$gRPC
856 41 $uhttp://rnod.bnportugal.gov.pt/ImagesBN/winlibimg.aspx?skey=&doc=2122187&img=174175&save=true
900 ## $aBIBNAC$d20230214
966 ## $lBN$mFGMON$sL. 164117 V.$x1
971 ## $ccsilva$d20230201
972 ## $e0$z0$d20230214$viquintas
973 ## $caalmeid$d20230202
975 ## $e0$d20231016$visabelm